Top 20 music artists - Statistics

General Stats
  • This quiz has been taken 603 times
  • The average score is 6 of 20
Answer Stats
Hint Answer % Correct
1 The Beatles
89%
4 The Rolling Stones
73%
3 Elvis Presley
68%
20 Bo Diddley
47%
2 Bob Dylan
42%
14 Led Zeppelin
41%
9 Aretha Franklin
31%
6 Jimi Hendrix
29%
12 The Beach Boys
24%
11 Bob Marley
23%
15 Stevie Wonder
22%
5 Chuck Berry
21%
10 Ray Charles
21%
7 James Brown
18%
18 Marvin Gaye
17%
13 Buddy Holly
16%
8 Little Richard
14%
16 Sam Cooke
8%
17 Muddy Waters
7%
19 The Velvet Underground
5%
No matching quizzes found
Score Distribution
Percent of People with Each Score
Percentile by Number Answered
Your Score History
You have not taken this quiz